000
00234nam a2200097Ia 4500
008
190216s9999||||xx |||||||||||||| ||und||
100
_a
Sajirani Gurudev
245
0
_a
Hindi-Mahadevi Varma
260
_b
Hindi Sahithya Sadan
942
_c
BK
999
_c
17845
_d
17845